Les 20 plus grandes villes des Yvelines sur une carte - Statistiques

Statistiques générales
  • Ce quiz a été pris 244 fois
  • Le résultat moyen est 13 sur 20
Réponses sur la Carte
Les réponses sont colorées sur une échelle allant du rouge au vert en fonction du pourcentage des utilisateurs qui les ont devinées à leur premier essai. Vous pouvez retrouver ces pourcentages ci-dessous.
 
Statistiques - réponses
Commune Population % Correct
Versailles 83 918
99%
Saint-Germain-en-Laye 45 286
85%
Mantes-la-Jolie 44 246
84%
Rambouillet 27 145
81%
Trappes 34 276
76%
Poissy 40 792
74%
Sartrouville 51 570
68%
Les Mureaux 34 151
66%
Mantes-la-Ville 21 874
63%
Plaisir 31 971
63%
Houilles 33 617
59%
Conflans-Sainte-Honorine 36 306
52%
Montigny-le-Bretonneux 32 150
52%
Vélizy-Villacoublay 22 481
52%
Guyancourt 29 758
51%
Le Chesnay-Rocquencourt 31 064
50%
Chatou 30 054
49%
Élancourt 26 348
49%
Achères 21 663
44%
Maisons-Laffitte 22 855
41%
Aucun quiz correspondant
Distribution des résultats
% des personnes avec chaque résultat
Percentile par nombre de réponses
Votre historique - résultats
Vous n’avez pas pris ce quiz